[Event "Muensterland Verbandsklasse-B 0506"]
[Site "Germany"]
[Date "2005.12.10"]
[Round "4.6"]
[White "Haves, Renate"]
[Black "Berau, Juergen"]
[Result "1/2-1/2"]
[WhiteElo "1628"]
[BlackElo "1695"]
[PlyCount "133"]
[EventDate "2005.09.03"]
[EventType "team-tourn"]
[EventRounds "9"]
[EventCountry "GER"]
[SourceTitle "EXT 2006"]
[Source "ChessBase"]
[SourceDate "2005.11.24"]
[SourceVersion "1"]
[SourceVersionDate "2005.11.24"]
[SourceQuality "1"]
[WhiteTeam "Westbevern II"]
[BlackTeam "Luedinghausen"]
[WhiteTeamCountry "GER"]
[BlackTeamCountry "GER"]

1. d4 d5 2. Nf3 Nf6 3. g3 c6 4. Bg2 e6 5. 0-0 Bd6 6. c4 dxc4 7. Nc3 0-0 8. e4 Be7 9. a4 Nbd7 10. Qe2 Qc7 11. Qxc4 e5 12. d5 Nb6 13. Qd3 cxd5 14. exd5 Rd8 15. Nd2 Nbxd5 16. Nxd5 Nxd5 17. Qe2 Be6 18. Nf3 f6 19. Be3 Nxe3 20. Qxe3 Qc5 21. Qe4 Qb4 22. Qxb4 Bxb4 23. Rfc1 Rac8 24. Nh4 b6 25. Be4 Rxc1+ 26. Rxc1 Bc5 27. Kg2 Rd2 28. Rc2 Rd4 29. Bc6 Bb3 30. Re2 Bxa4 31. Bf3 Bd7 32. Bb7 Bb5 33. Rc2 Ba4 34. Re2 Bd1 35. Re1 Rd2 36. Rf1 Bb3 37. Nf3 Rxb2 38. Ba6 Ra2 39. Bb5 a5 40. Ne1 Bd5+ 41. Kg1 a4 42. Nd3 Be7 43. Rc1 Rd2 44. Kf1 a3 45. Ke1 Rxd3 46. Bxd3 Bc5 47. Bc4 Bxc4 48. Rxc4 a2 49. Ra4 Kf7 50. Rxa2 Kg6 51. Ke2 h5 52. Kf3 Kf5 53. h3 e4+ 54. Ke2 g5 55. Ra8 Kg6 56. g4 hxg4 57. hxg4 f5 58. gxf5+ Kxf5 59. Rg8 Kf4 60. Rc8 g4 61. Rc6 g3 62. fxg3+ Kxg3 63. Rf6 Kg4 64. Rf1 Kg5 65. Rf7 Kg6 66. Rf4 e3 67. Rf1 1/2-1/2

[Event "Muensterland Verbandsklasse-B 0203"]
[Site "Muensterland"]
[Date "2002.11.23"]
[Round "3.8"]
[White "Haves, Renate"]
[Black "Musholt, Joachim"]
[Result "0-1"]
[WhiteElo "1523"]
[BlackElo "1712"]
[PlyCount "88"]
[EventDate "2002.09.28"]
[EventType "team-tourn"]
[EventRounds "9"]
[EventCountry "GER"]
[SourceTitle "EXT 2004"]
[Source "ChessBase"]
[SourceDate "2003.11.25"]
[SourceVersion "1"]
[SourceVersionDate "2003.11.25"]
[SourceQuality "1"]
[WhiteTeam "Westbevern II"]
[BlackTeam "Suedlohn II"]
[WhiteTeamCountry "GER"]
[BlackTeamCountry "GER"]

1. c4 Nf6 2. Nc3 g6 3. Nf3 Bg7 4. g3 0-0 5. Bg2 d6 6. 0-0 e5 7. d3 Nc6 8. h3 Nh5 9. Be3 f5 10. Qb3 Kh8 11. Bg5 Qe8 12. Nd5 Qf7 13. Bd2 Nd4 14. Qd1 Ne6 15. e3 c6 16. Nc3 Bd7 17. Rb1 Rae8 18. b4 Nf6 19. Qb3 g5 20. Rbd1 h5 21. c5 g4 22. Nh4 d5 23. Nxf5 Nxc5 24. bxc5 Bxf5 25. hxg4 Bxd3 26. Rfe1 Nxg4 27. f3 e4 28. f4 h4 29. Bh3 Qh5 30. Kg2 Ne5 31. Rf1 hxg3 32. Rde1 Re6 33. Qd1 Bxf1+ 34. Rxf1 Nf3 35. Rh1 Rh6 36. Nb1 Rff6 37. Bc3 Nh4+ 38. Kxg3 Rfg6+ 39. Kf2 Nf3 40. Bg2 Rxg2+ 41. Kxg2 Ne1+ 42. Rxe1 Qh2+ 43. Kf1 Rg6 44. Bxg7+ Kg8 0-1